| 000 | 01779nam0a2200361 4500 | ||
|---|---|---|---|
| 001 | RU\NLR\BIBL_A\011858369 | ||
| 005 | 20181126110543.0 | ||
| 010 |
_a978-5-17-107412-8 _92000 |
||
| 021 |
_aRU _bКН-П-18-5610 _9КН-П-18-077548 |
||
| 035 | _a(NLR Aleph) 011858369 | ||
| 035 | _a(RuMoRGB)009777078 | ||
| 090 |
_a12139054 _c12139054 |
||
| 100 | _a20181108d2018 u y0rusy50 ca | ||
| 101 | 1 |
_arus _cund |
|
| 102 | _aRU | ||
| 105 | _aa|||z|||000ay | ||
| 200 | 1 |
_aПриключения Шерлока Холмса _dThe adventures of Sherlock Holmes _e+ аудиоприложение LECTA _fАртур Конан Дойл _gперевод С.А. Матвеева _gадаптация текста, упражнения и словарь С.А. Матвеева, С.Г. Тамбовцевой _zeng |
|
| 210 |
_aМосква _cLingua _cАСТ _d2018 |
||
| 215 |
_a252, [2] с. _cил., табл. _d21 |
||
| 225 | 1 | _aBilingua | |
| 300 | _aАвт. также на англ. яз.: Arthur Conan Doyle | ||
| 300 | _aТекст парал. на рус. и англ. яз. | ||
| 316 |
_aАудиоприл. отсутствует _5NLR |
||
| 510 | 1 |
_6z77790 _aThe adventures of Sherlock Holmes _zeng |
|
| 606 | 1 |
_aАнглийский язык _jКниги для чтения _2nlr_sh2 _3RU\NLR\AUTH\6646032 |
|
| 686 | 1 | _aШ143.21-93рус91 | |
| 700 | 1 |
_aДойл _bА. К. _f1859-1930 _gАртур Конан _3RU\NLR\AUTH\773259 |
|
| 702 | 1 |
_aМатвеев _bС. А. _cлингвист, философ _gСергей Александрович _3RU\NLR\AUTH\7732325 _4010 |
|
| 790 | 1 |
_6z77510 _aDoyle _bA. C. _f1859-1930 _gArthur Conan _3RU\NLR\AUTH\773260 |
|
| 942 | _cBOOK | ||
| 980 | _aNB | ||